02284nam a2200253 u 4500001001000000003000900010005001700019007000300036008004100039040002500080082002400105100002800129245007000157260006100227300003600288500004100324504002800365505135800393600005201751650004201803651006601845651006601911651005301977000002921DO-SdBNP20250618114810.0ta090706s1990 dr ac r 000 0 spa d aDO-SdBNPbspacBNPHU 4a336.7293bV422t2221 aVega, Bernardo,d1938 -10aTrujillo y el control financiero norteamericano /cBernardo Vega. aSanto Domingo :bFundación Cultural Dominicana,c1990. a652 p. :bil., retrs. ;c27 cm. aIncluye notas a pie de las páginas aBibliografía : p. 6352 aLa actuación de Trujillo con relación a la deuda externa en 1930 -- La actuación de Trujillo con relación a la deuda en 1931 -- La actuación de Trujillo con relación a la deuda externa en 1932 -- La actuación de Trujillo con relación a la deuda externa en 1933 -- La actuación de Trujillo con relación a la deuda externa en 1934 -- La actuación de Trujillo con relación a la deuda externa en 1935 -- La actuación de Trujillo con relación a la deuda externa en 1936 -- La actuación de Trujillo con relación a la deuda externa en 1937 -- La actuación de Trujillo con relación a la deuda externa en 1938 -- La actuación de Trujillo con relación a la deuda externa en 1939 -- La actuación de Trujillo con relación a la deuda externa en 1940 -- La actuación de Trujillo con relación a la deuda externa en 1941 -- La actuación de Trujillo con relación a la deuda externa en 1942 -- La actuación de Trujillo con relación a la deuda externa en 1943 -- La actuación de Trujillo con relación a la deuda externa en 1944 -- La actuación de Trujillo con relación a la deuda externa en 1945 -- La actuación de Trujillo con relación a la deuda externa en 1946 -- La actuación de Trujillo con relación a la deuda externa en 1947 -- Los años del regimen de trujillo sin deuda externa (1948-1961).10aTrujillo Molina, Rafael Leónidas,d 1891-1961 4aDeuda externazRepública Dominicana 4aRepública DominicanaxRelaciones exterioreszEstados Unidos 4aEstados UnidosxRelaciones exterioreszRepública Dominicana 4aRepública DominicanaxCondiciones económicas